Business research methods : a south-asian perspective (Record no. 18332)

MARC details
000 -LEADER
fixed length control field 00640nam a2200217Ia 4500
008 - FIXED-LENGTH DATA ELEMENTS--GENERAL INFORMATION
fixed length control field 220501s2016 xx 000 0 eng d
020 ## - INTERNATIONAL STANDARD BOOK NUMBER
International Standard Book Number 9788131520369
082 ## - DEWEY DECIMAL CLASSIFICATION NUMBER
Classification number 658.4031 ZIK-B
100 ## - MAIN ENTRY--PERSONAL NAME
Personal name Zikmund, William G.
245 #0 - TITLE STATEMENT
Title Business research methods : a south-asian perspective
Statement of responsibility, etc William G. Zikmund ... [et al.]
250 ## - EDITION STATEMENT
Edition statement 8th
260 ## - PUBLICATION, DISTRIBUTION, ETC. (IMPRINT)
Place of publication, distribution, etc Andover
Name of publisher, distributor, etc Cengage
Date of publication, distribution, etc 2016
300 ## - PHYSICAL DESCRIPTION
Extent / Pages xxiv, 746p.
650 ## - SUBJECT ADDED ENTRY--TOPICAL TERM
Topical term or geographic name as entry element Business - Research
650 ## - SUBJECT ADDED ENTRY--TOPICAL TERM
Topical term or geographic name as entry element Business - Research - Methodology
650 ## - SUBJECT ADDED ENTRY--TOPICAL TERM
Topical term or geographic name as entry element Management - Research
700 ## - ADDED ENTRY--PERSONAL NAME
Personal name Adhikari, Atanu
700 ## - ADDED ENTRY--PERSONAL NAME
Personal name Babin, Barry J.
700 ## - ADDED ENTRY--PERSONAL NAME
Personal name Carr, Jon C.
942 ## - ADDED ENTRY ELEMENTS (KOHA)
Source of classification or shelving scheme
Koha item type Books
942 ## - ADDED ENTRY ELEMENTS (KOHA)
-- 15
Holdings
Withdrawn status Lost status Source of classification or shelving scheme Damaged status Not for loan Home library Current library Date acquired Source of acquisition Cost, normal purchase price Full call number Barcode Date last seen Copy number Bill Date Koha item type Bill Number Total Checkouts Total Renewals Date last borrowed
          SOBD Library SOBD Library 07/03/2019 Vedi Books 595.00 658.4031 ZIK-B1 000185 01/07/2022 1 26/02/2019 Reference Books 1134      
          SOBD Library SOBD Library 07/03/2019 Vedi Books 595.00 658.4031 ZIK-B2 000186 24/12/2025 2 26/02/2019 Books 1134 6 2 12/12/2025
          SOBD Library SOBD Library 07/03/2019 Vedi Books 595.00 658.4031 ZIK-B3 000187 18/12/2025 3 26/02/2019 Books 1134 9 1 05/12/2025
Hosted, Implemented, Customized & Maintained by: BestBookBuddies

Powered by Koha